Central Library OPAC University of Rajshahi

The essentials of military knowledge / (Record no. 50048)

MARC details
000 -LEADER
fixed length control field 00600cam a2200205 a 4500
001 - CONTROL NUMBER
control field 50048
003 - CONTROL NUMBER IDENTIFIER
rucl marc code BD-RjUL
005 - DATE AND TIME OF LATEST TRANSACTION
control field 20211209075441.0
008 - FIXED-LENGTH DATA ELEMENTS--GENERAL INFORMATION
fixed length control field 780920r19471951enkab 000 0 eng
035 ## - SYSTEM CONTROL NUMBER
System control number (BD-RjUL)50168
040 ## - CATALOGING SOURCE
Original cataloging agency DLC
Transcribing agency OKentU
Modifying agency DLC
-- BD-RjUL
Language of cataloging eng
041 ## - LANGUAGE CODE
Language code of text/sound track or separate title eng
082 ## - DEWEY DECIMAL CLASSIFICATION NUMBER
Classification number 355
Edition number 23
Author mark and year PAE 1951
100 1# - MAIN ENTRY--PERSONAL NAME
Personal name Palit, D. K.
9 (RLIN) 150006
245 14 - TITLE STATEMENT
Title The essentials of military knowledge /
Statement of responsibility, etc. D. K. Palit
260 ## - PUBLICATION, DISTRIBUTION, ETC. (IMPRINT)
Place of publication, distribution, etc. Aldershot :
Name of publisher, distributor, etc. Gale and Polden,
Date of publication, distribution, etc. 1947 [reprinted 1951]
300 ## - PHYSICAL DESCRIPTION
Pagination xx, 140 p. :
Illustrations ill. ;
Size 19 cm.
650 #0 - SUBJECT ADDED ENTRY--TOPICAL TERM
Topical term or geographic name as entry element Military art and science
9 (RLIN) 150007
942 ## - ADDED ENTRY ELEMENTS (KOHA)
Source of classification or shelving scheme Dewey Decimal Classification
Koha item type Books
Holdings
Lost status Source of classification or shelving scheme Damaged status Not for loan Collection code Permanent Location Current Location Shelving location Date acquired Source of acquisition Total Checkouts Full call number Date last seen Copy number Koha item type
  Dewey Decimal Classification     Non-fiction Central Library, University of Rajshahi Central Library, University of Rajshahi   17/08/2004 Dept. of militaery science   355 PAE 1951 23/08/2016 C-2 Books